000
00302nam a22001337a 4500
008
180309b xxu||||| |||| 00| 0 eng d
020
_a
9780737716795
041
_a
eng
080
_a
94 LEO
100
_a
16
101
_a
HIS
245
_a
Culture wars opposing viewpoints
_c
Leone,D
942
_2
udc
_c
BK
999
_c
44597
_d
44597